History of World War 2 in One Take - Statistics

General Stats
  • This quiz has been taken 17 times
    6 since last reset
  • The average score is 4 of 22
Answer Stats
lyrics Answer % Correct
__ years after world war 1 20
100%
The faithful treaty of _________ was all to easily defied Versailles
75%
Let us now secure our _____! Destiny
25%
Our children, this aryan race with save us from our past _____ Disgrace
25%
Bring glory to the ____land! Father
25%
Cast out the ___ they make us weak Jews
25%
We must ____ up and take a stand Rise
25%
Guilty for our _______ defeat Shameful
25%
We have _____ so dreadfully Suffered
25%
Optimism would be ____ Undone
25%
The history bomb of _________ World War 2
25%
And from __ __ __ 39 to 45
0%
____ million more would lose their lives 60
0%
But how would ______ decent once more Europe
0%
From _____ peace to total war? Fragile
0%
Fueled ______ unrest and aggression German
0%
The depths of the ____ _________ Great Depression
0%
How was germany ____ ? Infected
0%
A leader who would ________ Instigate
0%
By a _______ leader's bleak objective Poisonous
0%
Come with us now as we _______ Pursue
0%
A regime of _____ built on hate Terror
0%
No matching quizzes found
Score Distribution
Percent of People with Each Score
Percentile by Number Answered
Your Score History
You have not taken this quiz since the last reset